[Event "Cap d'Agde CCAS op"]
[Site "Cap d'Agde"]
[Date "2010.10.27"]
[Round "5"]
[White "Schuller, Marine"]
[Black "Houari, A."]
[Result "0-1"]
[WhiteElo "1648"]
[BlackElo "1800"]
[PlyCount "66"]
[EventDate "2010.10.23"]
[EventType "swiss"]
[EventRounds "7"]
[EventCountry "FRA"]
[SourceTitle "EXT 2012"]
[Source "ChessBase"]
[SourceDate "2011.11.24"]
[SourceVersion "1"]
[SourceVersionDate "2011.11.24"]
[SourceQuality "1"]

1. d4 d5 2. Nf3 Nf6 3. e3 Bg4 4. c4 e6 5. Qb3 Qc8 6. Ne5 c6 7. Nc3 Bf5 8. cxd5 exd5 9. Be2 Bd6 10. 0-0 0-0 11. f3 Re8 12. e4 Be6 13. Qc2 c5 14. Be3 cxd4 15. Bxd4 Bxe5 16. Bxe5 Qc5+ 17. Kh1 d4 18. Qa4 Qxe5 19. f4 Qc5 20. e5 Bd7 21. Nb5 a6 22. Rac1 Bxb5 23. Qxb5 Qxc1 24. Qxe8+ Nxe8 25. Rxc1 Nc6 26. Bf3 Rd8 27. Bxc6 bxc6 28. Rxc6 d3 29. Rc1 d2 30. Rd1 Nc7 31. Kg1 Ne6 32. Kf2 Nxf4 33. g3 Ng6 0-1